Persona non grata

Gespeichert in:
Bibliographische Detailangaben
1. Verfasser: Edwards, Jorge (VerfasserIn)
Format: Buch
Sprache:Spanisch
Veröffentlicht: Barcelona Seix Barral 1982
Ausgabe:1a. ed
Schlagworte:
Tags: Tag hinzufügen
Keine Tags, Fügen Sie den ersten Tag hinzu!

MARC

LEADER 00000cam a2200000 a 4500
001 UCN1042
003 CL-VaPUC
008 010420e19820000sp |||||||||||||||||spa|d
020 |a 8432245100 
082 0 4 |a 327.2092  |b EDW  |2 21 
100 0 |a Edwards, Jorge  |e author  |9 371556 
245 1 0 |a Persona non grata 
250 |a 1a. ed 
300 |a 445 p 
942 |c BK 
945 |d 20010420 00:00:00  |a vberengu 
260 |a Barcelona  |b Seix Barral  |c 1982 
650 7 |a DIPLOMATICOS  |2 CL-VaPUC  |9 268888 
650 0 |a Relaciones Exteriores  |9 255379 
650 0 |a Biografías  |9 255210 
650 0 |a Política y gobierno  |9 255151 
651 7 |a CUBA  |2 CL-VaPUC  |9 255263 
651 7 |a CHILE 1970-1973  |2 CL-VaPUC  |9 456407 
583 |a last modification  |c 20151201 07:35:09  |k Rodrigo Vera 
999 |c 294635  |d 294633 
952 |0 0  |1 0  |4 0  |6 327_209200000000000_EDW_1982  |7 0  |8 A  |9 347202  |a BIBEDU  |b BIBEDU  |d 2019-11-20  |i 3712265  |o 327.2092 EDW 1982  |p 3712265  |r 2019-11-20  |w 2019-11-20  |y BK  |k LIT 
952 |0 0  |1 0  |3 erb  |4 0  |6 327_209200000000000_EDW_1982  |7 0  |8 A  |9 347203  |a BIBEDU  |b BIBEDU  |i 521050K  |o 327.2092 EDW 1982  |p 521050K  |r 2019-11-20  |w 2019-11-20  |y BK  |z Catalogado en:20151106  |k EDU